Vista normal Vista MARC

Entrada Nombre personal

Número de registros utilizados en: 2

001 - NÚMERO DE CONTROL

  • Campo de control: 41100

003 - IDENTIFICADOR DE NÚMERO DE CONTROL

  • Campo de control: OSt

005 - FECHA Y HORA DE LA ULTIMA MODIFICACION

  • Campo de control: 20170425093701.0

008 - ELEMENTOS DE DATOS DE LONGITUD FIJA

  • Campo de longitud fija: 170425|| aca||aabn | a|a d

040 ## - FUENTE DE LA CATALOGACIÓN

  • Agencia original de catalogación: OSt

100 ## - ENCABEZAMIENTO--NOMBRE DE PERSONA

  • Nombre personal: Abarca Rodas, Gilma Xiomara

670 ## - FUENTE DE DATOS ENCONTRADOS

  • Fuente de citación: Informe de investigación acción: Propuesta del diseño de una estrategia metodológica para desarrollar emprendedurismo en los jóvenes del técnico en gestión y desarrollo turístico UNICAES, Ilobasco, 2017